000 00719nam a22002057a 4500
005 20251217124510.0
010 _aENG-147362
020 _a9789354425721
_c2450.00
035 _aEN-130894
037 _bDBAD
082 _a363.7005
_21
245 _aEnvironmental Politics at the Local:
_cEdited By Satyajit Singh [and] Ajit Menon
_bNatural Resource Governance in India/
250 _a1
260 _aTelengana
_bOrient BlackSwan
_c2024
270 _a3-6-752 HimayatNagar, Hyderabad
_bTelengana
_e500029
_mcentraloffice@orientblackswan.com
300 _axii356p.
_c22cm.(hb)
700 _dSatyajit Singh
_aEditor
_986128
700 _dMenon, Ajit
_aEditor
_986129
942 _2ddc
_cEN
_h363.7005
_mENV
999 _c213955
_d213955